LETTURE. INFORMAZIONE LETTERATURA SPETTACOLO. MARZO 2003. (Record n. 334497)
[ formato base ]
| 000 -LEADER | |
|---|---|
| fixed length control field | 01805nas a2200277Ia 4500 |
| 001 - CONTROL NUMBER | |
| control field | R050-S6264 |
| 003 - CONTROL NUMBER IDENTIFIER | |
| control field | IT-CnALBA |
| 008 - FIXED-LENGTH DATA ELEMENTS--GENERAL INFORMATION | |
| fixed length control field | 170116c99999999xx |||||||||||| ||und|| |
| 040 ## - CATALOGING SOURCE | |
| Original cataloging agency | IT-CnALBA |
| Transcribing agency | IT-CnALBA |
| 041 ## - LANGUAGE CODE | |
| Language code of text/sound track or separate title | ITALIANO |
| 999 ## - SYSTEM CONTROL NUMBERS (KOHA) | |
| Koha Dewey Subclass [OBSOLETE] | NO |
| 100 ## - MAIN ENTRY--PERSONAL NAME | |
| Personal name | RIZZOLO ANTONIO, SSP. |
| 210 ## - ABBREVIATED TITLE | |
| Abbreviated title | LETTURE |
| 222 ## - KEY TITLE | |
| Key title | LETTURE |
| 245 #0 - TITLE STATEMENT | |
| Title | LETTURE. INFORMAZIONE LETTERATURA SPETTACOLO. MARZO 2003. |
| 250 ## - EDITION STATEMENT | |
| Edition statement | 1a ed. |
| 260 ## - PUBLICATION, DISTRIBUTION, ETC. (IMPRINT) | |
| Place of publication, distribution, etc. | CINISELLO BALSAMO (MI) |
| Name of publisher, distributor, etc. | PERIODICI SAN PAOLO ED. |
| Date of publication, distribution, etc. | 2003 [1° Ed.:2003 - Ed.Ling.Originale: 2003] |
| 300 ## - PHYSICAL DESCRIPTION | |
| Extent | 130 p. |
| 310 ## - CURRENT PUBLICATION FREQUENCY | |
| Current publication frequency | MENSILE |
| 362 ## - DATES OF PUBLICATION AND/OR SEQUENTIAL DESIGNATION | |
| Dates of publication and/or sequential designation | Fascicolo: 595 / Anno: 58 (2003) |
| 500 ## - GENERAL NOTE | |
| General note | I MILLE VOLTI DELLA PAURA. INTERVISTA. CICALA R. DI INTERLINEA. IL FENOMENO BOOK CROSSING. DOPO LA PASSIONE POLITICA. LA SCRITTURA SECONDO BEMBO. RECENSIONI. SAGGI CINEMA. LA SOLIDARIETÀ SI IMPARA IN CLASSE. CLEMENTE M. G. UN INEDITO DIALOGO. DONATI A. LA LINGUA DEL PASSATO PARLA AL FUTURO. MARAZZINI C. PADRE EYMERICH DAL MEDITERRANEO CON FURORE. LIPPI G. CANOVA G. PROVA A PRENDERMI SI S. SPIELBERG. TEATRO DI C. M. MULTIMEDIA. DAL MONDO. DOSSIER. STRETTO LEGAME TRA CINEMA E TV. |
| 501 ## - WITH NOTE | |
| With note | Società San Paolo EM - Piazza San Paolo, 14 - 12051 ALBA (CN) (non commercial uses only) ® Copyright 2017 |
| 520 ## - SUMMARY, ETC. | |
| Summary, etc. | I MILLE VOLTI DELLA PAURA. INTERVISTA. CICALA R. DI INTERLINEA. IL FENOMENO BOOK CROSSING. DOPO LA PASSIONE POLITICA. LA SCRITTURA SECONDO BEMBO. RECENSIONI. SAGGI CINEMA. LA SOLIDARIETÀ SI IMPARA IN CLASSE. CLEMENTE M. G. UN INEDITO DIALOGO. DONATI A. LA LINGUA DEL PASSATO PARLA AL FUTURO. MARAZZINI C. PADRE EYMERICH DAL MEDITERRANEO CON FURORE. LIPPI G. CANOVA G. PROVA A PRENDERMI SI S. SPIELBERG. TEATRO DI C. M. MULTIMEDIA. DAL MONDO. DOSSIER. STRETTO LEGAME TRA CINEMA E TV. |
| 650 ## - SUBJECT ADDED ENTRY--TOPICAL TERM | |
| Topical term or geographic name as entry element | STUDI E RASSEGNE |
| 942 ## - ADDED ENTRY ELEMENTS (KOHA) | |
| Koha item type | RIVISTA |
| 957 ## - | |
| -- | 1 |
| 999 ## - SYSTEM CONTROL NUMBERS (KOHA) | |
| -- | 1 |
| Withdrawn status | Lost status | Damaged status | Not for loan | Home library | Current library | Date acquired | Total Checkouts | Full call number | Date last seen | Price effective from | Koha item type | Public note |
|---|---|---|---|---|---|---|---|---|---|---|---|---|
| Buone Condizioni | Not For Loan | ALBA - Biblioteca | ALBA - Biblioteca | 16/01/2017 | R050-S6264 | 16/01/2017 | 16/01/2017 | RIVISTA | (data import: 16 gennaio 2017) - By Epidotti, Vaglietti. |